Psychological foundations of education (Record no. 10839)
[ view plain ]
| 000 -LEADER | |
|---|---|
| fixed length control field | 00509cam a2200193ua 4500 |
| 005 - DATE AND TIME OF LATEST TRANSACTION | |
| control field | 20230121141639.0 |
| 008 - FIXED-LENGTH DATA ELEMENTS--GENERAL INFORMATION | |
| fixed length control field | 200212n ii |||gr||||Z||||||eng |
| 020 ## - INTERNATIONAL STANDARD BOOK NUMBER | |
| International Standard Book Number | 9789382056836 |
| 040 ## - CATALOGING SOURCE | |
| Transcribing agency | MAIN |
| Original cataloging agency | IN-DiNC |
| 082 ## - DEWEY DECIMAL CLASSIFICATION NUMBER | |
| Classification number | 370.15 |
| Item number | ALI |
| 100 ## - MAIN ENTRY--PERSONAL NAME | |
| Personal name | Ali, Lokman |
| Relator term | Author |
| 245 ## - TITLE STATEMENT | |
| Title | Psychological foundations of education |
| Statement of responsibility, etc. | By Lokman Ali |
| 250 ## - EDITION STATEMENT | |
| Edition statement | 1st ed. |
| 260 ## - PUBLICATION, DISTRIBUTION, ETC. | |
| Place of publication, distribution, etc. | Dibrugarh: |
| Name of publisher, distributor, etc. | Banalata, |
| Date of publication, distribution, etc. | 2019. |
| 300 ## - PHYSICAL DESCRIPTION | |
| Extent | 280p. |
| 942 ## - ADDED ENTRY ELEMENTS (KOHA) | |
| Koha item type | Books |
| Source of classification or shelving scheme | Dewey Decimal Classification |
| 653 ## - INDEX TERM--UNCONTROLLED | |
| Uncontrolled term | Education |
| 653 ## - INDEX TERM--UNCONTROLLED | |
| Uncontrolled term | Educational psychology |
| Withdrawn status | Lost status | Source of classification or shelving scheme | Damaged status | Not for loan | Home library | Current library | Shelving location | Date acquired | Total Checkouts | Full call number | Barcode | Date last seen | Date last checked out | Copy number | Price effective from | Koha item type | Date due | Collection code | Cost, normal purchase price |
|---|---|---|---|---|---|---|---|---|---|---|---|---|---|---|---|---|---|---|---|
| Dewey Decimal Classification | Central Library, Naharkatiya College | Central Library, Naharkatiya College | General Stacks | 19/09/2020 | 7 | 370.15/ALI | 28232 | 28/03/2026 | 10/03/2026 | 1 | 19/09/2020 | Books | |||||||
| Dewey Decimal Classification | Central Library, Naharkatiya College | Central Library, Naharkatiya College | General Stacks | 19/09/2020 | 15 | 370.15/ALI | 28233 | 13/03/2026 | 13/03/2026 | 2 | 19/09/2020 | Books | 01/04/2026 | ||||||
| Dewey Decimal Classification | Central Library, Naharkatiya College | Central Library, Naharkatiya College | General Stacks | 19/09/2020 | 9 | 370.15/ALI | 28234 | 13/03/2025 | 08/03/2025 | 3 | 19/09/2020 | Books | |||||||
| Dewey Decimal Classification | Central Library, Naharkatiya College | Central Library, Naharkatiya College | General Stacks | 21/01/2023 | 11 | 370.15 ALI | 29230 | 06/03/2026 | 10/02/2026 | 4 | 21/01/2023 | Books | Education | 220.00 | |||||
| Dewey Decimal Classification | Central Library, Naharkatiya College | Central Library, Naharkatiya College | General Stacks | 21/01/2023 | 12 | 370.15 ALI | 29231 | 28/02/2026 | 10/02/2026 | 5 | 21/01/2023 | Books | Education | 220.00 |
